The end of the American era

Guardat en:
Dades bibliogràfiques
Autor principal: Hacker, Andrew
Format: Llibre
Idioma:Undetermined
Publicat: New York Atheneum 1970
Matèries:
Etiquetes: Afegir etiqueta
Sense etiquetes, Sigues el primer a etiquetar aquest registre!
Thư viện lưu trữ: Trung tâm Học liệu Trường Đại học Cần Thơ
LEADER 00462nam a2200181Ia 4500
001 CTU_82150
008 210402s9999 xx 000 0 und d
082 |a 301.2 
082 |b H118 
100 |a Hacker, Andrew 
245 4 |a The end of the American era 
245 0 |c Andrew Hacker 
260 |a New York 
260 |b Atheneum 
260 |c 1970 
650 |a Civilization 
904 |i Trọng Hải 
980 |a Trung tâm Học liệu Trường Đại học Cần Thơ